000 00323nam a2200121Ia 4500
008 191201s2015 xx 000 0 und d
100 _aGARDENER, Mark
245 0 _aBeginning R : The Statistical Programming Language
260 _aN. delhi
_bWiley india
_c2015
300 _a475
650 _aM.Tech(CSE)
942 _2ddc
_cBK
_03
999 _c6478
_d6478